| 000 | 00355nam a22001097a 4500 | ||
|---|---|---|---|
| 082 | _a629.2446 ABB'A | ||
| 100 |
_aABBEY, STATON _958759 |
||
| 245 | _aAUTOMOBILE TRANSMISSION SERVICING AND OVERHAUL INCLUDING CONVENTIONAL AND AUTOMATIC TRANSMISSION TWO PEDAL CONTROL CLUTCHES GEARBOXES | ||
| 260 |
_aLONDON _bSIR ISAAC _c1961 |
||
| 300 | _a291P | ||
| 942 | _cBK | ||
| 999 |
_c568878 _d568878 |
||